Catálogo público

Diagnóstico de los equipos de bombeo de pozos profundos de la Universidad Autónoma Chapingo/ (Record no. 220722)

MARC details
000 -CABECERA
campo de control de longitud fija 02669nam a2200313 a 4500
003 - IDENTIFICADOR DEL NÚMERO DE CONTROL
campo de control OSt
005 - FECHA Y HORA DE LA ÚLTIMA TRANSACCIÓN
campo de control 20251202114106.0
007 - CAMPO FIJO DE DESCRIPCIÓN FÍSICA--INFORMACIÓN GENERAL
campo de control de longitud fija cr ||||||a|a|a
008 - DATOS DE LONGITUD FIJA--INFORMACIÓN GENERAL
campo de control de longitud fija 250701s2025 mx a|||fom||| 001 0 spa d
040 ## - FUENTE DE LA CATALOGACIÓN
Normas de descripción rda
100 1# - ENTRADA PRINCIPAL--NOMBRE DE PERSONA
Nombre de persona Meraz Velázquez, Manuel Sabel
9 (RLIN) 190531
245 10 - MENCIÓN DE TÍTULO
Título Diagnóstico de los equipos de bombeo de pozos profundos de la Universidad Autónoma Chapingo/
Mención de responsabilidad, etc. por Manuel Sabel Meráz Velázquez; director de tesis Natalio Gutiérrez Carrillo; secretario Mauricio Carrillo García; vocal José Reyes Sánchez; suplente Jorge Víctor Prado Hernández; suplente José Juan Aguilar Cabrera
264 #1 - PRODUCCIÓN, PUBLICACIÓN, DISTRIBUCIÓN, FABRICACIÓN Y COPYRIGHT
Producción, publicación, distribución, fabricación y copyright Chapingo, México :
Nombre del de productor, editor, distribuidor, fabricante El autor,
Fecha de producción, publicación, distribución, fabricación o copyright 2024.
300 ## - DESCRIPCIÓN FÍSICA
Extensión 1 recurso en línea (65 páginas):
Otras características físicas cuadros, figuras.
336 ## - TIPO DE CONTENIDO
Fuente rdacontent
Término de tipo de contenido texto
Código de tipo de contenido txt
337 ## - TIPO DE MEDIO
Fuente rdamedia
Nombre/término del tipo de medio computadora
Código del tipo de medio c
338 ## - TIPO DE SOPORTE
Fuente rdacarrier
Nombre/término del tipo de soporte recurso en línea
Código del tipo de soporte cr
502 ## - NOTA DE TESIS
Tipo de título Ingeniería en Irrigación
Nombre de la institución que otorga el título Departamento de Irrigación,
Año de obtención del título 2024.
Información miscelánea Licenciatura
504 ## - NOTA DE BIBLIOGRAFÍA, ETC.
Nota de bibliografía, etc. Incluye referencias bibliográficas: páginas 57-58.
520 ## - SUMARIO, ETC.
Sumario, etc. Este trabajo se llevó a cabo en los equipos de bombeo para pozo profundo ubicados en las instalaciones de la Universidad Autónoma Chapingo, abarcando la toma de datos en el mes de noviembre del año 2023 y el mes de abril del año 2024. Se tiene como objetivo realizar un diagnóstico de los equipos de bombeo en los pozos profundos de la universidad utilizando la NOM-006-ENER-2015, mediante la determinación e interpretación de su eficiencia electromecánica. Para ello, se obtuvieron los valores de las variables eléctricas e hidráulicas, tales como la intensidad de corriente, la tensión, el factor de potencia, el gasto en la descarga, las pérdidas de carga, la profundidad del nivel dinámico y la carga dinámica total. Se realizaron los cálculos correspondientes a la potencia consumida, la potencia aprovechada y eficiencia electromecánica, con lo cual se determinó el funcionamiento de cada equipo de bombeo, así como también los equipos que requieran rehabilitación. Se obtuvo que, de los ocho equipos de bombeo analizados, tres necesitan rehabilitación, tres requerirán rehabilitación en los próximos dos años y dos funcionan aceptablemente.
650 #4 - PUNTO DE ACCESO ADICIONAL DE MATERIA--TÉRMINO DE MATERIA
Término de materia o nombre geográfico como elemento de entrada Pozos profundos
Subdivisión general Evaluación
9 (RLIN) 190880
700 1# - PUNTO DE ACCESO ADICIONAL--NOMBRE DE PERSONA
Nombre de persona Gutiérrez Carrillo, Natalio
9 (RLIN) 51641
700 1# - PUNTO DE ACCESO ADICIONAL--NOMBRE DE PERSONA
Nombre de persona Carrillo García, Mauricio
9 (RLIN) 19488
Término indicativo de función/relación secretario.
700 1# - PUNTO DE ACCESO ADICIONAL--NOMBRE DE PERSONA
Nombre de persona Reyes Sánchez, José
9 (RLIN) 96990
Término indicativo de función/relación vocal.
700 1# - PUNTO DE ACCESO ADICIONAL--NOMBRE DE PERSONA
Nombre de persona Prado Hernández, Jorge Víctor
9 (RLIN) 91267
Término indicativo de función/relación suplente.
700 1# - PUNTO DE ACCESO ADICIONAL--NOMBRE DE PERSONA
Nombre de persona Aguilar Cabrera, José Juan
Término indicativo de función/relación suplente.
9 (RLIN) 2664
856 ## - LOCALIZACIÓN Y ACCESO ELECTRÓNICOS
Identificador Uniforme del Recurso http://10.13.5.2/tesis/tl/1811662-5_%20MERAZ_VELAZQUEZ_MANUEL_SABEL.pdf
Nota pública DESCARGAR PDF
942 ## - ELEMENTOS DE PUNTO DE ACCESO ADICIONAL (KOHA)
Fuente del sistema de clasificación o colocación Clasificación Universidad Autónoma Chapingo
Tipo de ítem Koha Tesis digital
Holdings
Estado de retiro Estado de pérdida Fuente del sistema de clasificación o colocación Estado dañado Restricciones de uso No para préstamo Código de colección Localización permanente Ubicación/localización actual Ubicación en estantería Fecha de adquisición Total de préstamos Signatura topográfica completa Fecha visto por última vez Precio válido a partir de Tipo de ítem Koha
    Clasificación Universidad Autónoma de Chapingo   Préstamo interno   Tesis digitales de Licenciatura Biblioteca Digital Biblioteca Digital En línea 11/08/2025   Tesis digital 11/08/2025 11/08/2025 Tesis digital